000 01073nam a22002537a 4500
003 Uzh_bibl
008 260423b |||||||| |||| 00| 0 ukr d
020 _a5-319-01155-5
_c60.38
040 _bукр.
041 _2ukr
_aukr
080 _a94(477)
090 _a94(477)
_bІ 90
100 _a
245 _aІсторія січових стрільців 1917-1919
_hТекст
260 _aКиїв
_bУкраїна
_c1992
300 _a347 с.
_fВ опр.
520 _aКнига яскраво і самобутньо відтворює славний бойовий шлях українських січових стрільців, їх справжню роль у бурхливих подіях в Україні початку XX століття.
521 _aДля широкого кола читачів
546 _aукр.
650 _aЛітературно-художне видання
653 _aСічові стрільці
_aДиректорія
655 _vвоєнно -історичний нарис
942 _2udc
_cBK
999 _c17487
_d17487